| 000 | 00682nam a2200181Ia 4500 | ||
|---|---|---|---|
| 999 |
_c42471 _d42471 |
||
| 001 | 9167 | ||
| 003 | GE_BSU | ||
| 005 | 20240610110057.0 | ||
| 008 | 181216s1985||||ru |||||||||||||| ||rus|| | ||
| 040 | _cGE_BSU | ||
| 080 | _a615.834 К-93 | ||
| 245 |
_aКурортология и физиотерапия в 2-х томах : _bТ.2 / _cПод ред. В. М. Боголюбова ; Ред. сост. В. Д. Григорьева. |
||
| 264 |
_aМосква : _bМедицина, _c1985. |
||
| 300 |
_a638 стр. ; _c22 см. |
||
| 500 | _aПредметный указатель стр. 636-638 | ||
| 653 | _aКурортология и физиотерапия | ||
| 942 |
_cBK _2udc |
||